[Event "PARDUBICE OPEN 2007 "]
[Site "CEZ arena,  Pardubice  (CZE)"]
[Date "2007.07.27"]
[Round "8"]
[White "Baryshpolets, Andriy"]
[Black "Dolezal, Radoslav"]
[Result "0-1"]
[WhiteElo "2307"]
[BlackElo "2418"]
[PlyCount "116"]
[EventDate "2007.07.20"]

1. d4 Nf6 2. c4 e6 3. g3 Bb4+ 4. Bd2 Qe7 5. Bg2 Bxd2+ 6. Qxd2 d6 7. Nf3 O-O 8.
O-O Nbd7 9. Nc3 c6 10. e4 e5 11. Rad1 Re8 12. Rfe1 Nb6 13. b3 Bg4 14. h3 Bxf3
15. Bxf3 Rad8 16. Bg2 c5 17. d5 Nbd7 18. Rf1 Rf8 19. Rde1 g6 20. Kh2 Ne8 21. f4
f6 22. f5 g5 23. Bf3 Kg7 24. h4 h6 25. Bh5 Nc7 26. Kg2 a6 27. a4 Rb8 28. Qe2
Rh8 29. Rh1 Rbg8 30. Kf2 Kf8 31. Bg6 Qg7 32. a5 Ke7 33. Rb1 Rb8 34. b4 Qf8 35.
Na4 Na8 36. Qe3 cxb4 37. Rxb4 Qd8 38. c5 Qxa5 39. cxd6+ Kxd6 40. Rc4 Rhc8 41.
Qa3+ Nc5 42. Rhc1 b6 43. Kf3 Rc7 44. R1c3 Rbc8 45. Kg2 Ke7 46. Kf3 Kd6 47. Kf2
Ke7 48. Ke3 Qb5 49. Rb4 Qf1 50. Nxb6 Nxb6 51. d6+ Kxd6 52. Rxb6+ Ke7 53. Re6+
Kf8 54. Rxc5 Qg1+ 55. Kf3 Rxc5 56. Rxa6 Qd1+ 57. Kf2 Kg8 58. Qa2+ Kh8 0-1

[Event "PARDUBICE OPEN 2007 "]
[Site "CEZ arena,  Pardubice  (CZE)"]
[Date "2007.07.27"]
[Round "8"]
[White "Ostrovskiy, Andrey"]
[Black "Cerveny, Petr"]
[Result "1-0"]
[WhiteElo "2417"]
[BlackElo "2295"]
[PlyCount "107"]
[EventDate "2007.07.20"]

1. e4 c5 2. Nf3 e6 3. d4 cxd4 4. Nxd4 a6 5. Bd3 Qc7 6. O-O Nc6 7. Nxc6 dxc6 8.
Be3 e5 9. Nd2 Nf6 10. a4 Be6 11. a5 Nd7 12. Nc4 Bc5 13. Qe1 O-O 14. Nb6 Bxb6
15. axb6 Qd6 16. b4 Rfc8 17. Ra5 Qf8 18. Qc3 Qd8 19. Rd1 Nxb6 20. Rxe5 Nd7 21.
Ra5 Qe7 22. Be2 f6 23. Bf4 Bf7 24. Bg4 Be6 25. Bd6 Qe8 26. Be2 Bf7 27. Qd4 Nf8
28. e5 Ng6 29. f4 Rd8 30. Bd3 Rd7 31. Bf5 Be6 32. Bxe6+ Qxe6 33. f5 Qxf5 34.
Qc4+ Kh8 35. e6 Rxd6 36. Rxd6 b5 37. Qd3 Qxd3 38. cxd3 Ne7 39. Rxa6 Re8 40. Rd7
h5 41. d4 Kh7 42. Raa7 Nf5 43. e7 Kg6 44. Rac7 Kf7 45. Rxc6 Ra8 46. d5 Ra1+ 47.
Kf2 Ra2+ 48. Ke1 Nd4 49. Rcc7 Re2+ 50. Kf1 Re5 51. d6 Nf5 52. Rc8 Ne3+ 53. Ke2
Nc4+ 54. Kd1 1-0

[Event "PARDUBICE OPEN 2007 "]
[Site "CEZ arena,  Pardubice  (CZE)"]
[Date "2007.07.27"]
[Round "8"]
[White "Pletnev, Evgeniy"]
[Black "Chudinovskikh, Alexsander"]
[Result "0-1"]
[WhiteElo "2291"]
[BlackElo "2417"]
[PlyCount "102"]
[EventDate "2007.07.20"]

1. e4 e5 2. f4 d5 3. exd5 exf4 4. Nf3 Nf6 5. Bc4 Bd6 6. O-O O-O 7. d4 Bg4 8.
Bb3 c6 9. dxc6 Nxc6 10. c3 Ne7 11. Nbd2 Nf5 12. Nc4 Nh4 13. Nce5 Nxf3+ 14. Nxf3
Qa5 15. h3 Bh5 16. Qe1 g5 17. c4 Qf5 18. Bd2 Bg6 19. Bc3 Rae8 20. Ne5 Re7 21.
Qd1 Ne4 22. Ng4 Kg7 23. c5 Nxc3 24. bxc3 Bb8 25. Re1 Rfe8 26. Rxe7 Rxe7 27. Qf3
h5 28. Nf2 b6 29. cxb6 axb6 30. Rc1 Re3 31. Qb7 Bd6 32. Qxb6 Ba3 33. Rd1 Rxc3
34. Qa6 Be7 35. Qb7 Bd6 36. Bd5 Rc7 37. Qb3 Re7 38. Bf3 Re3 39. Qb6 Qe6 40. Qa5
Kh6 41. a4 Bf5 42. Qd8 Qe7 43. Qh8+ Bh7 44. a5 f5 45. Kf1 g4 46. Bd5 f3 47.
gxf3 g3 48. Nd3 g2+ 49. Kg1 Re2 50. Ne5 Bxe5 51. Qc8 Bxd4+ 0-1

[Event "PARDUBICE OPEN 2007 "]
[Site "CEZ arena,  Pardubice  (CZE)"]
[Date "2007.07.27"]
[Round "8"]
[White "Can, Emre"]
[Black "Schuh, Dirk"]
[Result "0-1"]
[WhiteElo "2411"]
[BlackElo "2275"]
[PlyCount "36"]
[EventDate "2007.07.20"]

1. e4 e6 2. d4 d5 3. Nd2 dxe4 4. Nxe4 Qd5 5. Nc3 Bb4 6. Qg4 Nc6 7. Nf3 Nge7 8.
Qxg7 Rg8 9. Qxh7 e5 10. Bd2 Bxc3 11. Bxc3 Bf5 12. Qh6 exd4 13. O-O-O Qxa2 14.
Nxd4 O-O-O 15. Qf4 Rg4 16. Qe3 Re4 17. Qg5 Nxd4 18. Bd3 Ne2+ 0-1

[Event "PARDUBICE OPEN 2007 "]
[Site "CEZ arena,  Pardubice  (CZE)"]
[Date "2007.07.27"]
[Round "8"]
[White "Vanek, Tomas"]
[Black "Kanovsky, David"]
[Result "0-1"]
[WhiteElo "2271"]
[BlackElo "2410"]
[PlyCount "64"]
[EventDate "2007.07.20"]

1. f4 g6 2. g3 d5 3. Bg2 Bg7 4. Nf3 Nf6 5. d3 O-O 6. O-O c5 7. Nc3 d4 8. Ne4
Nxe4 9. dxe4 Nc6 10. Kh1 e5 11. f5 gxf5 12. exf5 e4 13. Ng5 e3 14. Ne4 Re8 15.
f6 Rxe4 16. Bxe4 Bxf6 17. Qd3 Ne5 18. Qb5 Bh3 19. Rf4 Bg5 20. Qxc5 Bxf4 21.
gxf4 Ng4 22. Kg1 Nf2 23. Bg2 Rc8 24. Qxa7 Bxg2 25. Bxe3 dxe3 26. Qxe3 Bd5 27.
Qg3+ Kh8 28. Qxf2 Qf6 29. c3 Rg8+ 30. Kf1 Rg4 31. f5 Qe5 32. Ke1 Rg2 0-1

[Event "PARDUBICE OPEN 2007 "]
[Site "CEZ arena,  Pardubice  (CZE)"]
[Date "2007.07.27"]
[Round "8"]
[White "Jedlicka, Ales"]
[Black "Garcia, Castro Pablo"]
[Result "1-0"]
[WhiteElo "2265"]
[BlackElo "2405"]
[PlyCount "65"]
[EventDate "2007.07.20"]

1. d4 d6 2. Nf3 g6 3. g3 Bg7 4. Bg2 Nf6 5. c4 O-O 6. Nc3 Nc6 7. O-O a6 8. b3
Rb8 9. Nd5 Nd7 10. Bb2 b5 11. cxb5 axb5 12. Qc2 Bb7 13. e4 e6 14. Nf4 d5 15. e5
Nb4 16. Qd2 c5 17. dxc5 Nc6 18. Nd3 b4 19. Rfe1 Ba8 20. Nd4 Ncxe5 21. Nxe5 Nxe5
22. Nxe6 Nf3+ 23. Bxf3 fxe6 24. Bxg7 Kxg7 25. Bg2 Qf6 26. f4 Rfc8 27. Rac1 Rb5
28. Re5 Rbxc5 29. Rxc5 Rxc5 30. Qxb4 Rc1+ 31. Bf1 Bc6 32. Qd2 Ra1 33. Qc3 1-0

[Event "PARDUBICE OPEN 2007 "]
[Site "CEZ arena,  Pardubice  (CZE)"]
[Date "2007.07.27"]
[Round "8"]
[White "Steiner, Bruno"]
[Black "Stopa, Jacek"]
[Result "0-1"]
[WhiteElo "2260"]
[BlackElo "2400"]
[PlyCount "68"]
[EventDate "2007.07.20"]

1. d4 g6 2. e4 Bg7 3. Nc3 c6 4. Be3 d5 5. e5 Qb6 6. Rb1 Nh6 7. f4 Ng4 8. Bc1 h5
9. h3 Nh6 10. Be3 Nf5 11. Bf2 e6 12. Nf3 Bf8 13. Qd2 Nd7 14. Bd3 c5 15. O-O a6
16. Kh2 Qc6 17. dxc5 Bxc5 18. b4 Bxf2 19. Rxf2 Nb6 20. b5 Qc5 21. bxa6 bxa6 22.
Bxf5 gxf5 23. Nd4 Nc4 24. Qd3 Bd7 25. Nce2 Bb5 26. Nxb5 Qxf2 27. Nc7+ Kf8 28.
Nxd5 Rg8 29. Rg1 exd5 30. Qxd5 Rc8 31. Qd7 Qc5 32. e6 Qc7 33. e7+ Kg7 34. Qxf5
Qxe7 0-1

[Event "PARDUBICE OPEN 2007 "]
[Site "CEZ arena,  Pardubice  (CZE)"]
[Date "2007.07.27"]
[Round "8"]
[White "Otte, Marco"]
[Black "Jirka, Jiri"]
[Result "1/2-1/2"]
[WhiteElo "2216"]
[BlackElo "2398"]
[PlyCount "146"]
[EventDate "2007.07.20"]

1. Nf3 d5 2. d4 Nf6 3. c4 c6 4. e3 a6 5. Nc3 b5 6. cxd5 cxd5 7. Bd3 Bg4 8. h3
Bh5 9. a4 b4 10. Nb1 a5 11. Nbd2 Nbd7 12. b3 e6 13. Bb2 Be7 14. O-O O-O 15. Rc1
Ne8 16. Qc2 Bg6 17. Bxg6 hxg6 18. Ne5 Nd6 19. Qc7 Nf6 20. Qxd8 Rfxd8 21. Nc6
Re8 22. Nxe7+ Rxe7 23. Rc6 Nfe8 24. Rfc1 Raa7 25. Kf1 Rec7 26. Ke2 Kf8 27. Kd3
Ke7 28. f3 Rxc6 29. Rxc6 Kd7 30. Rc2 g5 31. e4 f5 32. e5 Nf7 33. Nf1 Rc7 34.
Rxc7+ Nxc7 35. Ng3 Ke7 36. Bc1 Kf8 37. Ne2 Kg8 38. g3 Kh7 39. Be3 Kg6 40. Kd2
Kh7 41. Nc1 Na6 42. Nd3 Kg6 43. Ke2 Nd8 44. Kf2 Nf7 45. Kg2 Nd8 46. Kh1 Nc6 47.
Kh2 Ne7 48. Kg2 Nc6 49. Kf2 Ne7 50. Ke2 Nc6 51. Kd2 Ne7 52. Ne1 Nb8 53. Kd3
Nbc6 54. Bd2 Nc8 55. Ng2 N8e7 56. g4 Nd8 57. h4 fxg4 58. fxg4 gxh4 59. Nxh4+
Kf7 60. Bg5 Ndc6 61. Ke3 Ng6 62. Nf3 Nf8 63. Kf2 Ng6 64. Kg3 Ke8 65. Be3 Ke7
66. Ne1 Nf8 67. Nd3 Nd7 68. Kf4 Kf7 69. Kg5 Ne7 70. Nf4 Nf8 71. Kh5 Nc6 72. Nh3
Ke8 73. Ng5 Ke7 1/2-1/2

[Event "PARDUBICE OPEN 2007 "]
[Site "CEZ arena,  Pardubice  (CZE)"]
[Date "2007.07.27"]
[Round "8"]
[White "Beinoras, Mindaugas"]
[Black "Mamedjarova, Zeinab"]
[Result "1-0"]
[WhiteElo "2223"]
[BlackElo "2384"]
[PlyCount "83"]
[EventDate "2007.07.20"]

1. d4 d5 2. c4 dxc4 3. Nf3 Nf6 4. e3 e6 5. Bxc4 a6 6. a4 Bb4+ 7. Nc3 c6 8. O-O
O-O 9. Qc2 Nbd7 10. e4 Re8 11. e5 Nd5 12. Ne4 Nf8 13. Bg5 Qb6 14. h4 Be7 15. a5
Qc7 16. h5 Bxg5 17. Nfxg5 Qe7 18. Nd6 Qxg5 19. Nxe8 Nf4 20. Qe4 Bd7 21. Nd6 c5
22. Qxb7 Ra7 23. Qf3 Rc7 24. Qg3 Qh6 25. Rfd1 cxd4 26. Bf1 d3 27. Bxd3 Bc6 28.
f3 Nxh5 29. Qf2 Nf4 30. Ne4 Nxd3 31. Rxd3 Bxe4 32. fxe4 Qh5 33. Rd8 Qxe5 34.
Qd4 Qg5 35. Rd1 Qe7 36. Qd6 Qxd6 37. R1xd6 g5 38. Rxa6 Kg7 39. Rad6 Ng6 40. a6
Ne5 41. b4 Nc4 42. R6d7 1-0

[Event "PARDUBICE OPEN 2007 "]
[Site "CEZ arena,  Pardubice  (CZE)"]
[Date "2007.07.27"]
[Round "8"]
[White "Dauletova, Gulmira"]
[Black "Sveshnikov, Vladimir"]
[Result "1/2-1/2"]
[WhiteElo "2210"]
[BlackElo "2378"]
[PlyCount "75"]
[EventDate "2007.07.20"]

1. e4 c5 2. Nf3 Nc6 3. d4 cxd4 4. Nxd4 e5 5. Nb5 d6 6. N1c3 a6 7. Na3 b5 8. Nd5
Nce7 9. c4 Nxd5 10. exd5 bxc4 11. Nxc4 Nf6 12. Be3 Rb8 13. Be2 Be7 14. a4 O-O
15. O-O Bb7 16. Nb6 Nd7 17. a5 f5 18. f3 Nxb6 19. Bxb6 Qd7 20. b4 Bd8 21. Be3
Bf6 22. Rb1 Qf7 23. Bc4 Rfc8 24. Qd3 Ra8 25. Rfc1 Qh5 26. Bb3 e4 27. Qd2 exf3
28. Bd1 Be5 29. h3 Rxc1 30. Rxc1 Qh4 31. Bxf3 Rc8 32. Rc6 Re8 33. Rc7 Ba8 34.
Bf2 Bg3 35. Bxg3 Qxg3 36. Rc1 Bb7 37. Kf1 h6 38. Rc7 1/2-1/2

[Event "PARDUBICE OPEN 2007 "]
[Site "CEZ arena,  Pardubice  (CZE)"]
[Date "2007.07.27"]
[Round "8"]
[White "Malinin, Vasily"]
[Black "Vedrickas, Tautvydas"]
[Result "0-1"]
[WhiteElo "2375"]
[BlackElo "2235"]
[PlyCount "66"]
[EventDate "2007.07.20"]

1. d4 Nf6 2. c4 e6 3. Nc3 d5 4. Bg5 Be7 5. e3 c6 6. Nf3 Nbd7 7. Qc2 O-O 8.
O-O-O dxc4 9. Bxc4 h6 10. h4 b5 11. Bd3 b4 12. Ne2 Qa5 13. Kb1 c5 14. Bxf6 Nxf6
15. Ne5 Bb7 16. Nf4 Rac8 17. Nc4 Qc7 18. Rhg1 Nd5 19. Ne2 Nb6 20. b3 cxd4 21.
exd4 Bxh4 22. g3 Bf6 23. f4 Bf3 24. Qd2 Nd5 25. Rde1 Rfd8 26. Ne5 Bxe5 27. fxe5
Bxe2 28. Bxe2 Nc3+ 29. Ka1 Qa5 30. Bc4 Rxd4 31. Qf2 Rcd8 32. Rgf1 Rd2 33. Qxf7+
Kh8 0-1

[Event "PARDUBICE OPEN 2007 "]
[Site "CEZ arena,  Pardubice  (CZE)"]
[Date "2007.07.27"]
[Round "8"]
[White "Tikkanen, Hans"]
[Black "Novotny, Michal"]
[Result "1-0"]
[WhiteElo "2365"]
[BlackElo "2219"]
[PlyCount "53"]
[EventDate "2007.07.20"]

1. d4 Nf6 2. c4 g6 3. Nc3 d5 4. Bf4 Bg7 5. e3 c5 6. dxc5 Qa5 7. Rc1 dxc4 8.
Bxc4 O-O 9. Nge2 Qxc5 10. Qb3 Qh5 11. Ng3 Qh4 12. Nb5 Na6 13. Nd4 Nd7 14. Nge2
Qf6 15. Bg3 e5 16. Nb5 h5 17. h3 Ndc5 18. Qa3 Ne4 19. Bd5 Nxg3 20. Nxg3 Qb6 21.
Nd6 Nb4 22. Bxf7+ Rxf7 23. Nxf7 Kxf7 24. O-O Be6 25. Rfd1 Nxa2 26. Rd6 Qb4 27.
Rc7+ 1-0

[Event "PARDUBICE OPEN 2007 "]
[Site "CEZ arena,  Pardubice  (CZE)"]
[Date "2007.07.27"]
[Round "8"]
[White "Saeed, Ishaq"]
[Black "Rojicek, Vojtech"]
[Result "0-1"]
[WhiteElo "2167"]
[BlackElo "2354"]
[PlyCount "106"]
[EventDate "2007.07.20"]

1. d4 d5 2. c4 c6 3. Nf3 Nf6 4. e3 e6 5. Bd3 Nbd7 6. Nbd2 Bd6 7. O-O O-O 8. e4
e5 9. cxd5 cxd5 10. exd5 exd4 11. Ne4 Nxe4 12. Bxe4 Nf6 13. Bg5 Be7 14. Bxf6
Bxf6 15. Nxd4 Qb6 16. Nb3 a5 17. Rb1 Bd7 18. Qf3 a4 19. Nd2 Qb4 20. Rfd1 Rfe8
21. a3 Qb6 22. Nc4 Qa6 23. Ne3 b5 24. Bf5 Rad8 25. Rd3 b4 26. Rd2 Bxf5 27. Qxf5
g6 28. Qd3 Qb6 29. g3 b3 30. Rbd1 Bg5 31. Re2 Qc5 32. Kg2 Rd7 33. f4 Bd8 34.
Kf3 h5 35. Rdd2 Bb6 36. Rd1 Rde7 37. Rde1 Qc8 38. d6 Qc6+ 39. Nd5 Rxe2 40. Rxe2
Rxe2 41. Kxe2 Qxd6 42. Nc3 Qc5 43. Ne4 Qg1 44. Kf3 Qh1+ 45. Ke2 Qxh2+ 46. Ke1
Qxb2 47. Qc4 Qd4 48. Qxd4 Bxd4 49. Kd2 f5 50. Nd6 Bf2 51. Nc4 Bxg3 52. Nb6
Bxf4+ 53. Kc3 h4 0-1

[Event "PARDUBICE OPEN 2007 "]
[Site "CEZ arena,  Pardubice  (CZE)"]
[Date "2007.07.27"]
[Round "8"]
[White "Rafiee, Makan"]
[Black "Varga, Csaba Zoltan"]
[Result "0-1"]
[WhiteElo "2058"]
[BlackElo "2349"]
[PlyCount "60"]
[EventDate "2007.07.20"]

1. e4 c5 2. Nf3 d6 3. d4 cxd4 4. Nxd4 Nf6 5. Nc3 a6 6. Bg5 e6 7. f4 Qb6 8. Nb3
Be7 9. Qf3 Nbd7 10. O-O-O Qc7 11. Bd3 Rb8 12. Rhe1 b5 13. Nd4 Bb7 14. Qg3 h6
15. Bxf6 Bxf6 16. Bxb5 axb5 17. Ndxb5 Qd8 18. Nxd6+ Kf8 19. Qh3 Qb6 20. Nxf7
Bxe4 21. Rxe4 Qxb2+ 22. Kd2 Nc5 23. Rc4 Kxf7 24. Rxc5 Rhd8+ 25. Ke1 Rxd1+ 26.
Kxd1 Rd8+ 27. Ke1 Qc1+ 28. Ke2 Qxc2+ 29. Kf1 Bxc3 30. Rc7+ Kf8 0-1

[Event "PARDUBICE OPEN 2007 "]
[Site "CEZ arena,  Pardubice  (CZE)"]
[Date "2007.07.27"]
[Round "8"]
[White "Manik, Mikulas"]
[Black "Michielsen, Joost"]
[Result "1/2-1/2"]
[WhiteElo "2457"]
[BlackElo "2314"]
[PlyCount "41"]
[EventDate "2007.07.20"]

1. e4 e6 2. d4 d5 3. Nc3 Nf6 4. Bg5 dxe4 5. Nxe4 Be7 6. Bxf6 gxf6 7. Nf3 f5 8.
Nc3 a6 9. g3 b5 10. Bg2 Bb7 11. O-O O-O 12. Ne5 Bxg2 13. Kxg2 b4 14. Ne2 c5 15.
dxc5 Qc7 16. Nd3 Rd8 17. Qc1 Nd7 18. Qh6 Nxc5 19. Nxc5 Qxc5 20. Nf4 Kh8 21.
Rad1 1/2-1/2

[Event "PARDUBICE OPEN 2007 "]
[Site "CEZ arena,  Pardubice  (CZE)"]
[Date "2007.07.27"]
[Round "8"]
[White "Petr, Martin"]
[Black "Kiewra, Keaton"]
[Result "1-0"]
[WhiteElo "2453"]
[BlackElo "2314"]
[PlyCount "67"]
[EventDate "2007.07.20"]

1. e4 c5 2. Nf3 d6 3. d4 Nf6 4. Nc3 cxd4 5. Nxd4 g6 6. Be3 Bg7 7. f3 O-O 8. Qd2
Nc6 9. O-O-O Nxd4 10. Bxd4 Be6 11. Kb1 Qc7 12. g4 Rfc8 13. h4 Qa5 14. a3 Rab8
15. h5 b5 16. hxg6 b4 17. Nd5 Bxd5 18. gxh7+ Kh8 19. exd5 Qa4 20. b3 bxa3 21.
Ka2 Qb4 22. Qxb4 Rxb4 23. Kxa3 Rbb8 24. g5 Nxh7 25. Bh3 Bxd4 26. Rxd4 Rxc2 27.
Bf5 Rc3 28. Rxh7+ Kg8 29. Rdh4 Rbxb3+ 30. Ka4 Ra3+ 31. Kb5 Rab3+ 32. Ka6 Ra3+
33. Kb7 Rab3+ 34. Ka8 1-0

[Event "PARDUBICE OPEN 2007 "]
[Site "CEZ arena,  Pardubice  (CZE)"]
[Date "2007.07.27"]
[Round "8"]
[White "Golichenko, Illya"]
[Black "Neuman, Petr"]
[Result "1/2-1/2"]
[WhiteElo "2306"]
[BlackElo "2437"]
[PlyCount "85"]
[EventDate "2007.07.20"]

1. d4 Nf6 2. c4 g6 3. Nc3 Bg7 4. e4 d6 5. Be2 O-O 6. Bg5 Na6 7. Qd2 e5 8. d5 c6
9. f3 Qa5 10. Bd3 Nc5 11. Bc2 b5 12. cxb5 cxd5 13. Nxd5 Qxd2+ 14. Kxd2 Nxd5 15.
exd5 Bb7 16. b4 Nd7 17. Be7 Rfe8 18. Bxd6 Nb6 19. Bc5 Bxd5 20. Ne2 Rad8 21. Ke3
e4 22. Kf2 exf3 23. gxf3 Bxa1 24. Rxa1 Bc4 25. Nd4 Rxd4 26. Bxd4 Re2+ 27. Kg3
Rxc2 28. a4 Rd2 29. Be3 Rd7 30. Rc1 Be6 31. Bxb6 axb6 32. a5 Ra7 33. Rc6 bxa5
34. b6 Ra6 35. b7 Rxc6 36. b8=Q+ Rc8 37. Qb5 axb4 38. Qxb4 h6 39. Qd2 Kh7 40.
Qd6 Rc1 41. Kf4 Rg1 42. Ke5 Rg5+ 43. Kf4 1/2-1/2

[Event "PARDUBICE OPEN 2007 "]
[Site "CEZ arena,  Pardubice  (CZE)"]
[Date "2007.07.27"]
[Round "8"]
[White "Grabinsky, Vladimir"]
[Black "Zpevak, Pavel"]
[Result "1/2-1/2"]
[WhiteElo "2288"]
[BlackElo "2423"]
[PlyCount "45"]
[EventDate "2007.07.20"]

1. e4 c5 2. b4 cxb4 3. a3 d5 4. exd5 Qxd5 5. Bb2 Nf6 6. axb4 Qe4+ 7. Be2 Qxb4
8. Qc1 Qb6 9. Na3 Nc6 10. Nf3 Bg4 11. h3 Bxf3 12. Bxf3 e6 13. O-O Be7 14. Nc4
Qc7 15. Re1 O-O 16. Ne5 a5 17. Nxc6 bxc6 18. Ra4 Rfd8 19. Bc3 Nd5 20. Bxd5 Rxd5
21. Qa1 Bf8 22. Re5 Qd7 23. Rxd5 1/2-1/2

[Event "PARDUBICE OPEN 2007 "]
[Site "CEZ arena,  Pardubice  (CZE)"]
[Date "2007.07.27"]
[Round "8"]
[White "Zaitsev, Mikhail"]
[Black "Mickevicius, Juras"]
[Result "0-1"]
[WhiteElo "2422"]
[BlackElo "2309"]
[PlyCount "86"]
[EventDate "2007.07.20"]

1. d4 Nf6 2. c4 e6 3. Nc3 Bb4 4. e3 O-O 5. Bd3 d5 6. cxd5 exd5 7. Nge2 Re8 8.
O-O b6 9. f3 Bb7 10. Ng3 Bf8 11. Bc2 c5 12. Kh1 Nc6 13. a3 g6 14. Bb3 Na5 15.
Ba2 Rc8 16. Qd3 cxd4 17. exd4 Nc4 18. b4 a5 19. bxa5 bxa5 20. Bg5 h6 21. Bf4
Nxa3 22. Be5 Nc4 23. f4 Ng4 24. h3 Qh4 25. Kg1 Bb4 26. Nce2 Ngxe5 27. fxe5 Qg5
28. Rf4 h5 29. h4 Qh6 30. Kh2 Rc7 31. Raf1 Re6 32. R1f2 Qg7 33. Ng1 Be1 34. Re2
Nxe5 35. Rxe5 Rc3 36. Rxe6 fxe6 37. Qxc3 Bxc3 38. Nf3 e5 39. dxe5 Bxe5 40. Ra4
Bc7 41. Rd4 Qd7 42. Ng5 Be5 43. Rd3 Qa4 0-1

[Event "PARDUBICE OPEN 2007 "]
[Site "CEZ arena,  Pardubice  (CZE)"]
[Date "2007.07.27"]
[Round "8"]
[White "Kadziolka, Beata"]
[Black "Cifka, Stanislav"]
[Result "1-0"]
[WhiteElo "2287"]
[BlackElo "2410"]
[PlyCount "63"]
[EventDate "2007.07.20"]

1. e4 c5 2. Nf3 e6 3. d4 cxd4 4. Nxd4 Nf6 5. Bd3 Nc6 6. Nxc6 bxc6 7. O-O d5 8.
Nc3 Be7 9. b3 O-O 10. Bb2 a5 11. Qe2 Qb6 12. e5 Nd7 13. Na4 Qa7 14. Kh1 c5 15.
c4 Nb6 16. Nxb6 Qxb6 17. cxd5 exd5 18. f4 Re8 19. f5 Bf8 20. e6 f6 21. Qh5 Ba6
22. Rf3 Bxd3 23. Rxd3 d4 24. Rh3 h6 25. Qg6 Kh8 26. Bc1 Qb7 27. Bf4 a4 28. Rg1
axb3 29. axb3 Red8 30. Bxh6 gxh6 31. Qxf6+ Kh7 32. e7 1-0

[Event "PARDUBICE OPEN 2007 "]
[Site "CEZ arena,  Pardubice  (CZE)"]
[Date "2007.07.27"]
[Round "8"]
[White "Borisova, Elizaveta"]
[Black "Gorovykh, Eduard"]
[Result "1/2-1/2"]
[WhiteElo "2285"]
[BlackElo "2409"]
[PlyCount "76"]
[EventDate "2007.07.20"]

1. d4 Nf6 2. c4 g6 3. Nc3 Bg7 4. e4 O-O 5. f3 d6 6. Be3 a6 7. Qd2 c6 8. a4 Qa5
9. Bd3 b5 10. Nge2 b4 11. Nd1 c5 12. d5 Re8 13. O-O Nbd7 14. Bc2 Qc7 15. Kh1 a5
16. Nf2 e6 17. dxe6 fxe6 18. Rad1 Nb6 19. Bb3 Bf8 20. Bf4 e5 21. Bg5 Nh5 22.
Rc1 Be6 23. Nd1 Qf7 24. Ne3 h6 25. Bh4 g5 26. Bf2 Be7 27. Nd5 Nxd5 28. exd5 Bd7
29. Bc2 Kh8 30. b3 Rg8 31. Rce1 Raf8 32. Ng3 Nf4 33. Be3 h5 34. Ne4 Rg7 35. Bb1
Rfg8 36. Qb2 Bf5 37. Ng3 Bd3 38. Bxf4 gxf4 1/2-1/2

[Event "PARDUBICE OPEN 2007 "]
[Site "CEZ arena,  Pardubice  (CZE)"]
[Date "2007.07.27"]
[Round "8"]
[White "Haznedaroglu, Kivanc"]
[Black "Schebler, Gerhard"]
[Result "1-0"]
[WhiteElo "2440"]
[BlackElo "2496"]
[PlyCount "63"]
[EventDate "2007.07.20"]

1. e4 c5 2. Nf3 Nc6 3. d4 cxd4 4. Nxd4 Nf6 5. Nc3 e5 6. Ndb5 d6 7. Bg5 a6 8.
Na3 b5 9. Bxf6 gxf6 10. Nd5 f5 11. c3 Bg7 12. exf5 Bxf5 13. Nc2 O-O 14. Nce3
Bg6 15. h4 Be4 16. h5 Qg5 17. Be2 h6 18. Bf3 Bh7 19. Rh3 e4 20. Rg3 Qd8 21.
Bxe4 f5 22. Bc2 f4 23. Bxh7+ Kxh7 24. Qd3+ Kh8 25. Nxf4 Ne5 26. Ng6+ Nxg6 27.
Qxg6 Ra7 28. Nf5 Be5 29. Rf3 Rg8 30. Qxh6+ Rh7 31. Qe3 Rxg2 32. O-O-O 1-0